<The> Implementation of the concept of corporate social responsibility in the area of income tax in the Slovak Republic

Implemantácia konceptu spoločenskej zodpovednosti podnikov a jej výsledky v oblasti dane z príjmov v podmienkach Slovenskej republiky.

Guardado en:
Detalles Bibliográficos
Autor principal: Sopková, Eva
Otros Autores: Raškovská, Katarína
Formato: Capítulo de libro
Lenguaje:inglés
Materias:
Etiquetas: Agregar Etiqueta
Sin Etiquetas, Sea el primero en etiquetar este registro!

MARC

LEADER 00000naa a2200000 4500
001 0157058
005 20231207102027.4
041 0 |a eng 
044 |a CZ 
245 1 0 |a <The> Implementation of the concept of corporate social responsibility in the area of income tax in the Slovak Republic  |c Eva Sopková, Katarína Raškovská 
520 |a Implemantácia konceptu spoločenskej zodpovednosti podnikov a jej výsledky v oblasti dane z príjmov v podmienkach Slovenskej republiky. 
610 2 0 |a Slovensko 
610 2 0 |a podnikanie zodpovedné 
610 2 0 |a politika podnikania 
610 2 0 |a etika podnikateľská 
610 2 0 |a etika podniková 
610 2 0 |a zodpovednosť podniku spoločenská 
610 2 0 |a dane 
610 2 0 |a povinnosť daňová 
610 2 0 |a únik daňový 
100 1 |a Sopková, Eva 
700 1 |a Raškovská, Katarína